000 00390nam a2200133Ia 4500
999 _c8319
_d8319
008 191201s2019 xx 000 0 und d
082 _a612.015 KUB
100 _aKUMAR,Manish
245 0 _aBiochemistry & clinical pathology for 1st year diploma in pharmacy
260 _bRamnarain Pub
_aAgra
_c2019
300 _a120
650 _aApplied Biochemistry & Clinical Chemistry
942 _2ddc
_cBK